|
|
|
|
| LEADER |
00000nab a2200000 a 4500 |
| 001 |
vtls000671220 |
| 003 |
SK-MaSNL |
| 005 |
20260304094932.0 |
| 008 |
250425c1998 xo 0 slo |
| 015 |
|
|
|a SNBRB1998/09-26891
|
| 035 |
|
|
|a CLN000023397
|
| 035 |
|
|
|a urn:nbn:sk:snk-abbs13
|
| 035 |
|
|
|a (urnnbn)urn:nbn:sk:snk:ar-0000e8
|
| 035 |
|
|
|a (uuid)9fb10c5f-dbb1-4bd7-a4b9-2f137bbd015b
|
| 040 |
|
|
|a SNKBUCL
|b slo
|c SNKBUCL
|e AACR2
|
| 041 |
0 |
|
|a cze
|
| 044 |
|
|
|a xo
|c SK
|
| 080 |
|
|
|a 885.0-1
|2 1997
|
| 100 |
1 |
|
|a Nádvorníková, Alena,
|d 1942-
|4 aut
|9 113359
|
| 245 |
1 |
0 |
|a Nové básně
|c Alena Nádvorníková
|
| 505 |
1 |
|
|a Obsahuje básne: V úkrytech nastala řež ... ; Jak skrze Orkneje ... ; Obrvená lůna země zírají ... ; S velmi klidnou nechutí ... ; Tristní, ekumenický, s epoletami ...
|
| 650 |
0 |
7 |
|a surrealistické básne, české
|2 snkbucl
|9 15063
|
| 655 |
|
7 |
|a články z novín a časopisov
|2 snkbucl
|9 267496
|
| 773 |
0 |
|
|t Romboid
|g Roč. 33, č. 5 (1998), s. 42-43
|x 0231-6714
|
| 850 |
|
|
|a Slovenská národná knižnica
|
| 852 |
|
|
|a Slovenská národná knižnica
|
| 958 |
|
|
|a article15
|
| 958 |
|
|
|a OND
|
| 958 |
|
|
|a LX
|
| 958 |
|
|
|a CZ
|
| 958 |
|
|
|a EUIPO
|
| 992 |
|
|
|a RBX
|
| 999 |
|
|
|c 2829797
|d 2831727
|